Rozpoznaj film po kadrze #3 - Statystyki

Ogólne statystyki
  • Ten quiz został rozwiązany 97 razy
  • Średni wynik to 9 z 20
Statystyki odpowiedzi
Obrazkowy Odpowiedź % Poprawnych
Harry Potter i Zakon Feniksa
86%
Leon zawodowiec
83%
Diuna: Część druga
79%
Wilk z Wall Street
79%
Znachor
79%
Boże Ciało
76%
Nietykalni
72%
Obcy - decydujące starcie
41%
Vabank II, czyli riposta
41%
Ojciec chrzestny III
38%
1917
33%
Le Mans '66
33%
Absolwent
22%
Dziewczyna z tatuażem
21%
Popiół i diament
21%
Przerwana lekcja muzyki
21%
Ostatnia rodzina
18%
V jak Vendetta
10%
Spotlight
6%
Sztuka spadania
4%
Nie znaleziono quizów pasujących do podanych kryteriów
Rozkład punktacji
Procent ludzi z każdym wynikiem
Percentyl według liczby udzielonych odpowiedzi
Twoja historia wyników
Nie rozwiązałeś tego quizu